[Event "22nd EUR-ch (w)"]
[Site "Prague CZE"]
[Date "2022.08.22"]
[Round "3.57"]
[White "Terbe, Zsuzsanna"]
[Black "Tsotsonava, Elene"]
[Result "1-0"]
[WhiteElo "2196"]
[BlackElo "1858"]
[EventDate "2022.08.20"]
[PlyCount "55"]

1.d4 Nf6 2.c4 e6 3.Nc3 Bb4 4.Qb3 c5 5.dxc5 Nc6 6.Nf3 O-O 7.Bg5 h6 8.Bh4 g5
9.Bg3 Ne4 10.a3 Qa5 11.Rc1 Bxc3+ 12.bxc3 Qxc5 13.e3 b6 14.Bd3 f5 15.Bxe4 
fxe4 16.Nd2 Qf5 17.h4 Ba6 18.hxg5 hxg5 19.Qa4 Na5 20.Qxd7 Rad8 21.Qc7 Rd3 
22.Rc2 Rf7 23.Qb8+ Rf8 24.Qxa7 Bxc4 25.Qc7 Rd5 26.Nxc4 Rc5 27.Nd6 Rxc7 28.
Nxf5 1-0

[Event "22nd EUR-ch (w)"]
[Site "Prague CZE"]
[Date "2022.08.22"]
[Round "3.58"]
[White "Tashkinova, Sofiia"]
[Black "Levitan, Ronit"]
[Result "1-0"]
[WhiteElo "2011"]
[BlackElo "2158"]
[EventDate "2022.08.20"]
[PlyCount "45"]

1.e4 e5 2.Nf3 Nc6 3.Bb5 a6 4.Ba4 Nf6 5.O-O Nxe4 6.d4 b5 7.Bb3 d5 8.dxe5 
Be6 9.Nbd2 Nc5 10.c3 Bf5 11.Bc2 Bxc2 12.Qxc2 d4 13.Nb3 d3 14.Qb1 Qd5 15.
Be3 Rd8 16.Rd1 Ne6 17.Nbd4 Nxe5 18.Nxe5 Qxe5 19.Nc6 Qh5 20.Nxd8 Bd6 21.g3 
Nxd8 22.Qxd3 O-O 23.Qd5 1-0

[Event "22nd EUR-ch (w)"]
[Site "Prague CZE"]
[Date "2022.08.22"]
[Round "3.59"]
[White "Kordzadze, Nino"]
[Black "Utiatskaya, Irina"]
[Result "1/2-1/2"]
[WhiteElo "1993"]
[BlackElo "2154"]
[EventDate "2022.08.20"]
[PlyCount "157"]

1.c4 g6 2.g3 Bg7 3.Bg2 c5 4.Nc3 Nc6 5.Rb1 d6 6.a3 a5 7.d3 Nf6 8.Bd2 O-O 9.
Nh3 e5 10.O-O Bf5 11.f4 Rb8 12.Nf2 Re8 13.Nd5 exf4 14.Bxf4 Nxd5 15.cxd5 
Nd4 16.e4 Bc8 17.Ng4 Bxg4 18.Qxg4 b5 19.b3 Nc2 20.Bc1 Rb7 21.Qd1 Bd4+ 22.
Kh1 Ne3 23.Bxe3 Bxe3 24.Qf3 Bd4 25.Rfc1 Kg7 26.Bh3 Qb8 27.Rf1 h5 28.Qf4 
Be5 29.Qd2 Qa7 30.Kg2 Reb8 31.Kh1 c4 32.bxc4 bxc4 33.Rxb7 Rxb7 34.dxc4 Rb2
35.Qd3 a4 36.Rb1 Rf2 37.Rf1 h4 38.Rxf2 Qxf2 39.Qf1 Qc2 40.Bg2 hxg3 41.h3 
Qc3 42.Qf3 Qxc4 43.Bf1 Qa2 44.Be2 Bb2 45.Qxg3 Qb1+ 46.Kg2 Qxe4+ 47.Qf3 Qc2
48.Qd3 Qc1 49.h4 Be5 50.Qf3 Bd4 51.h5 Qg1+ 52.Kh3 g5 53.Qg2 Qc1 54.Qf3 Qe1
55.Kg4 Qh4+ 56.Kf5 Bf6 57.Qe4 Qf2+ 58.Kg4 Qh4+ 59.Kf5 Qh3+ 60.Qg4 Qc3 61.
Qe4 Qb2 62.Bd3 Qh2 63.Be2 Bd8 64.Bf3 Qh3+ 65.Qg4 Qf1 66.Qd4+ Kh7 67.Qe4 
Kh6 68.Kg4 Qf2 69.Kh3 Bf6 70.Qe2 Qh4+ 71.Kg2 Be5 72.Qe4 Qg3+ 73.Kf1 Bc3 
74.Bg4 Bb2 75.Qf5 Qf4+ 76.Qxf4 gxf4 77.Bd1 Bxa3 78.Bxa4 Kxh5 79.Bc6 
1/2-1/2

[Event "22nd EUR-ch (w)"]
[Site "Prague CZE"]
[Date "2022.08.22"]
[Round "3.60"]
[White "Koubova, Anna Marie"]
[Black "Shatil, Or"]
[Result "1/2-1/2"]
[WhiteElo "2122"]
[BlackElo "1842"]
[EventDate "2022.08.20"]
[PlyCount "147"]

1.c4 Nf6 2.Nc3 d5 3.cxd5 Nxd5 4.g3 e5 5.Bg2 Nb6 6.Nf3 Nc6 7.O-O Be7 8.b3 
O-O 9.Bb2 Be6 10.Rc1 f5 11.d3 Bf6 12.e4 f4 13.Ne2 fxg3 14.fxg3 Qd7 15.d4 
exd4 16.Nfxd4 Bxd4+ 17.Nxd4 Rxf1+ 18.Bxf1 Bg4 19.Be2 Bxe2 20.Nxe2 Qxd1+ 
21.Rxd1 Re8 22.Nc3 a6 23.Ba3 Ne5 24.Nd5 Nxd5 25.exd5 Rd8 26.Bb2 Ng6 27.Ba3
Ne5 28.d6 cxd6 29.Rxd6 Rxd6 30.Bxd6 Nc6 31.Kf2 Kf7 32.Ke3 Ke6 33.Ba3 g6 
34.Ke4 Ne5 35.h3 Nc6 36.Bc5 Nb8 37.Ba3 Nc6 38.Bf8 Ne5 39.Bc5 Nc6 40.Bf8 
Ne5 41.Bh6 Nc6 42.Bd2 Ne7 43.g4 Nd5 44.Kd4 Kd6 45.Be1 Ke6 46.Bg3 Nb6 47.
Bc7 Nd5 48.Bg3 Nb6 49.a4 Nd5 50.Kc5 Nc3 51.Kb6 Ne4 52.Be1 Kd7 53.Kxb7 Nc5+
54.Kb6 Nxb3 55.Kxa6 Kc7 56.Ka7 Kc6 57.a5 Kb5 58.Kb7 h5 59.g5 h4 60.Kc7 Nd4
61.Kb7 Nb3 62.Kc7 Nd4 63.Bc3 Ne6+ 64.Kb7 Nc5+ 65.Kc8 Ne6 66.Bd2 Nc5 67.Kc7
Ne4 68.Be1 Nxg5 69.Bxh4 Ne4 70.Be1 Ka6 71.Kd7 Ng5 72.h4 Nf3 73.Bg3 Kxa5 
74.Ke6 1/2-1/2

[Event "22nd EUR-ch (w)"]
[Site "Prague CZE"]
[Date "2022.08.22"]
[Round "3.61"]
[White "Pribylova, Sofie"]
[Black "Vanduyfhuys, Daria"]
[Result "0-1"]
[WhiteElo "1981"]
[BlackElo "2054"]
[EventDate "2022.08.20"]
[PlyCount "124"]

1.c4 e5 2.Nc3 Nf6 3.g3 Nc6 4.Bg2 g6 5.e4 Bg7 6.Nge2 d6 7.d3 O-O 8.h3 Nd7 
9.Be3 Nc5 10.O-O a5 11.d4 exd4 12.Nxd4 Ne6 13.Nxc6 bxc6 14.Qd2 Rb8 15.Rad1
c5 16.b3 Bd7 17.Ne2 a4 18.Rb1 axb3 19.axb3 Re8 20.f4 Bc6 21.f5 Nf8 22.Bh6 
Nd7 23.Bxg7 Kxg7 24.Nc3 f6 25.Nd5 Bxd5 26.exd5 g5 27.b4 Re5 28.b5 Nb6 29.
Rbc1 Qe7 30.Rf2 Re8 31.Rc2 Re1+ 32.Kh2 Re5 33.Kg1 Re3 34.Rc3 Rxc3 35.Qxc3 
Qe1+ 36.Qxe1 Rxe1+ 37.Rf1 Re3 38.Kf2 Re5 39.g4 Nxc4 40.Ra1 Nb6 41.Ra7 Re7 
42.Ra3 Kf8 43.Bf3 Ke8 44.Ra1 Re5 45.Rd1 Kd7 46.h4 h6 47.hxg5 hxg5 48.Rd2 
Kc8 49.Rd1 Kb7 50.Rd3 Nd7 51.Be2 Re7 52.Rh3 Kb6 53.Ra3 Ne5 54.Ra6+ Kb7 55.
Ra4 Rh7 56.Kg2 Rh4 57.Re4 Kb6 58.Ra4 c4 59.Kg3 Kxb5 60.Ra7 Kb6 61.Ra4 Kc5 
62.Ra7 Rh7 0-1

[Event "22nd EUR-ch (w)"]
[Site "Prague CZE"]
[Date "2022.08.23"]
[Round "4.1"]
[White "Danielian, Elina"]
[Black "Dzagnidze, Nana"]
[Result "1/2-1/2"]
[WhiteElo "2441"]
[BlackElo "2531"]
[EventDate "2022.08.20"]
[PlyCount "65"]

1.Nf3 d5 2.d4 Nf6 3.c4 e6 4.Nc3 dxc4 5.e3 a6 6.Bxc4 c5 7.O-O Nc6 8.Bb3 Be7
9.dxc5 Qxd1 10.Rxd1 Bxc5 11.Bd2 Bd7 12.Na4 Ba7 13.Rac1 Ne4 14.Be1 Ke7 15.
Nd2 Nxd2 16.Bxd2 Rhd8 17.Nc5 Bxc5 18.Rxc5 Be8 19.Kf1 Rd6 20.Ke2 Rad8 21.
Rcc1 f6 22.f3 e5 23.Be1 Rxd1 24.Bxd1 Bf7 25.Ba4 Rd6 26.Bxc6 Rxc6 27.Rxc6 
bxc6 28.Bb4+ Kd7 29.b3 g5 30.Kd3 h5 31.g3 Bg6+ 32.e4 Ke6 33.h4 1/2-1/2

[Event "22nd EUR-ch (w)"]
[Site "Prague CZE"]
[Date "2022.08.23"]
[Round "4.2"]
[White "Zawadzka, Jolanta"]
[Black "Mammadzada, Gunay"]
[Result "1/2-1/2"]
[WhiteElo "2412"]
[BlackElo "2466"]
[EventDate "2022.08.20"]
[PlyCount "61"]

1.e4 c5 2.Nf3 d6 3.d4 cxd4 4.Nxd4 Nf6 5.Nc3 a6 6.Be3 e5 7.Nf3 Be7 8.Bc4 
O-O 9.O-O Be6 10.Bxe6 fxe6 11.Na4 Ng4 12.Qd3 Nxe3 13.Qxe3 b5 14.Nb6 Ra7 
15.Nd5 Rb7 16.Qd2 Qd7 17.Nxe7+ Qxe7 18.a4 bxa4 19.Rxa4 Rxb2 20.Rb4 Rxb4 
21.Qxb4 Nd7 22.Qb7 a5 23.h3 a4 24.Rd1 Re8 25.Qc6 a3 26.Ra1 Nf6 27.Rxa3 h6 
28.Ra6 Rd8 29.Nd2 Qd7 30.Qb6 Rc8 31.Qxd6 1/2-1/2

[Event "22nd EUR-ch (w)"]
[Site "Prague CZE"]
[Date "2022.08.23"]
[Round "4.3"]
[White "Ushenina, Anna"]
[Black "Malcewska, Aleksandra"]
[Result "1-0"]
[WhiteElo "2423"]
[BlackElo "2360"]
[EventDate "2022.08.20"]
[PlyCount "59"]

1.d4 d5 2.c4 dxc4 3.Nf3 a6 4.e3 b5 5.a4 Bb7 6.b3 b4 7.Bxc4 e6 8.Bb2 Nf6 9.
Nbd2 Nbd7 10.O-O Be7 11.Rc1 c5 12.Be2 Rc8 13.Nc4 O-O 14.Nfe5 Qc7 15.Nxd7 
Nxd7 16.dxc5 Bxc5 17.Bf3 Bxf3 18.Qxf3 Rfd8 19.Rfd1 Nf8 20.Qg4 f6 21.Rxd8 
Qxd8 22.g3 e5 23.Nd6 Bxd6 24.Rxc8 Qe7 25.Qc4+ Kh8 26.Qxa6 h5 27.Rc6 Bc5 
28.Qc8 Bd6 29.a5 Kh7 30.a6 1-0

[Event "22nd EUR-ch (w)"]
[Site "Prague CZE"]
[Date "2022.08.23"]
[Round "4.4"]
[White "Brunello, Marina"]
[Black "Stefanova, Antoaneta"]
[Result "1/2-1/2"]
[WhiteElo "2341"]
[BlackElo "2472"]
[EventDate "2022.08.20"]
[PlyCount "77"]

1.e4 e5 2.Nf3 Nc6 3.Bc4 Bc5 4.c3 Nf6 5.d3 d6 6.O-O a6 7.Bb3 h6 8.Be3 O-O 
9.Nbd2 Re8 10.Bc2 Ng4 11.Qe2 Nxe3 12.fxe3 Ba7 13.d4 Rf8 14.Qf2 f5 15.exf5 
Bxf5 16.Bxf5 Rxf5 17.Qg3 Qe7 18.Nh4 Rg5 19.Qf3 exd4 20.exd4 Re8 21.Rae1 
Qxe1 22.Qf7+ Kh7 23.Rxe1 Rxe1+ 24.Kf2 Re7 25.Qf8 Nxd4 26.cxd4 Bxd4+ 27.Kf1
Bf6 28.Nhf3 Rc5 29.b3 Rc1+ 30.Kf2 Rc2 31.a4 Rb2 32.Qc8 c6 33.Qf5+ Kg8 34.
g4 d5 35.Kf1 Bc3 36.Qd3 Bf6 37.Qf5 Bc3 38.Qd3 Bf6 39.Qf5 1/2-1/2

[Event "22nd EUR-ch (w)"]
[Site "Prague CZE"]
[Date "2022.08.23"]
[Round "4.5"]
[White "Heinemann, Josefine"]
[Black "Socko, Monika"]
[Result "0-1"]
[WhiteElo "2321"]
[BlackElo "2423"]
[EventDate "2022.08.20"]
[PlyCount "130"]

1.e4 e6 2.d4 d5 3.Nd2 Be7 4.Ngf3 Nf6 5.Bd3 c5 6.dxc5 dxe4 7.Nxe4 Nxe4 8.
Bxe4 Qxd1+ 9.Kxd1 Bxc5 10.Ke2 Nd7 11.Rd1 Nf6 12.Bd3 Ke7 13.a3 b6 14.b4 Bd6
15.Bb2 Bb7 16.c4 Rac8 17.g3 h6 18.h3 g5 19.Rac1 Rhg8 20.Ne5 h5 21.Ke3 g4 
22.h4 Rgd8 23.Rc2 a5 24.Bd4 axb4 25.axb4 Bxb4 26.Bxb6 Bc5+ 27.Bxc5+ Rxc5 
28.f4 gxf3 29.Nxf3 Ng4+ 30.Ke2 Bxf3+ 31.Kxf3 Re5 32.Re2 Ra5 33.Red2 Ra3 
34.Ke2 Ne5 35.c5 Rd5 36.c6 Nxc6 37.Kf2 Kf6 38.Be2 Rf5+ 39.Kg2 Nb4 40.Rf1 
Rxf1 41.Bxf1 Nd5 42.Be2 Ne3+ 43.Kf2 Nf5 44.Bxh5 Rxg3 45.Be2 Rh3 46.h5 Kg5 
47.Kg2 Ra3 48.Rd7 f6 49.Rd8 Ra2 50.Kf2 Kf4 51.Ke1 Ng3 52.Bc4 Rh2 53.h6 e5 
54.Rh8 e4 55.h7 f5 56.Kd1 Rh1+ 57.Kc2 Rh6 58.Kd1 e3 59.Bd3 Rh1+ 60.Kc2 e2 
61.Re8 Rxh7 62.Bxe2 Rh2 63.Kd1 Rxe2 64.Rxe2 Nxe2 65.Kxe2 Kg3 0-1

[Event "22nd EUR-ch (w)"]
[Site "Prague CZE"]
[Date "2022.08.23"]
[Round "4.6"]
[White "Rakhmangulova, Anastasiya"]
[Black "Fataliyeva, Ulviyya"]
[Result "0-1"]
[WhiteElo "2244"]
[BlackElo "2413"]
[EventDate "2022.08.20"]
[PlyCount "102"]

1.e4 e6 2.d4 d5 3.Nc3 Nf6 4.e5 Nfd7 5.f4 c5 6.Nf3 Nc6 7.Be3 a6 8.Qd2 b5 9.
a3 Qa5 10.Be2 b4 11.Nd1 bxa3 12.Qxa5 Nxa5 13.dxc5 axb2 14.Nxb2 Nc6 15.Na4 
Ra7 16.Nb6 Bb7 17.Nxd7 Kxd7 18.Kf2 Be7 19.Rhd1 Kc8 20.Rab1 Rd8 21.c3 Rd7 
22.Rb6 Rc7 23.Ra1 Nb8 24.Ra5 Ra8 25.Bd4 Nd7 26.Rd6 Nb8 27.Nd2 Nc6 28.Ra3 
a5 29.Bb5 Bxd6 30.exd6 Nxd4 31.cxd4 Bc6 32.Ba4 Bxa4 33.dxc7 Bd7 34.Nf3 
Kxc7 35.Ke3 f6 36.Kd2 Bb5 37.Kc2 h6 38.Nd2 Kc6 39.Re3 Re8 40.Nb1 e5 41.
fxe5 fxe5 42.Nc3 Bc4 43.Na4 Rb8 44.dxe5 d4 45.Rg3 Rf8 46.Rxg7 Rf2+ 47.Kc1 
d3 48.Nb2 d2+ 49.Kb1 Bd3+ 50.Ka1 Rf1+ 51.Ka2 Bc4+ 0-1

[Event "22nd EUR-ch (w)"]
[Site "Prague CZE"]
[Date "2022.08.23"]
[Round "4.7"]
[White "Mammadova, Gulnar"]
[Black "Sliwicka, Alicja"]
[Result "1-0"]
[WhiteElo "2380"]
[BlackElo "2260"]
[EventDate "2022.08.20"]
[PlyCount "85"]

1.e4 c5 2.Nf3 Nc6 3.Bb5 e5 4.O-O Bd6 5.c3 a6 6.Ba4 b5 7.Bc2 Nge7 8.a4 b4 
9.d4 bxc3 10.dxe5 cxb2 11.Bxb2 Bc7 12.Nbd2 d5 13.exd6 Qxd6 14.e5 Qd8 15.
Ne4 Qxd1 16.Rfxd1 O-O 17.Nxc5 Bg4 18.Be4 Ra7 19.Nd3 Bb6 20.Rdc1 Na5 21.
Rab1 Nb3 22.Rc2 Bxf3 23.gxf3 Ba5 24.Ba3 Nd4 25.Rcb2 Rd8 26.Bc5 Rad7 27.Rb7
Rxb7 28.Rxb7 Nef5 29.Ra7 g6 30.Rxa6 Nb3 31.Bxf5 gxf5 32.Bd6 Rc8 33.Nf4 Kg7
34.Ra7 Kh6 35.Rxf7 Nd4 36.Rf6+ Kg5 37.Nh3+ Kh5 38.Kg2 Rg8+ 39.Kf1 Bd2 40.
e6 Kh4 41.e7 Rc8 42.Rf8 Rc1+ 43.Kg2 1-0

[Event "22nd EUR-ch (w)"]
[Site "Prague CZE"]
[Date "2022.08.23"]
[Round "4.8"]
[White "Mkrtchian, Lilit"]
[Black "Koridze, Lile"]
[Result "1/2-1/2"]
[WhiteElo "2362"]
[BlackElo "2081"]
[EventDate "2022.08.20"]
[PlyCount "36"]

1.c4 e5 2.g3 Nf6 3.Bg2 d5 4.cxd5 Nxd5 5.Nc3 Nb6 6.Nf3 Nc6 7.a3 Be6 8.b4 a5
9.b5 Nd4 10.Nxd4 exd4 11.Na4 Bd5 12.f3 Nxa4 13.Qxa4 Bc5 14.Bb2 b6 15.Rc1 
Bb7 16.Rc4 Bd5 17.Rc1 Bb7 18.Rc4 Bd5 1/2-1/2

[Event "22nd EUR-ch (w)"]
[Site "Prague CZE"]
[Date "2022.08.23"]
[Round "4.9"]
[White "Batsiashvili, Nino"]
[Black "Mkrtchian, Mariam"]
[Result "1/2-1/2"]
[WhiteElo "2466"]
[BlackElo "2285"]
[EventDate "2022.08.20"]
[PlyCount "88"]

1.d4 d5 2.c4 c6 3.cxd5 cxd5 4.Bf4 Nf6 5.Nc3 Nc6 6.e3 Bf5 7.Nf3 e6 8.Be2 
Bd6 9.Ne5 Bxe5 10.Bxe5 Nxe5 11.dxe5 Nd7 12.Qd4 O-O 13.Rd1 Bg6 14.e4 Qg5 
15.O-O Qxe5 16.Qxe5 Nxe5 17.f4 Nc4 18.f5 Ne3 19.fxg6 hxg6 20.exd5 Nxd1 21.
Bxd1 exd5 22.Nxd5 Rae8 23.Bb3 Re6 24.h4 Rd8 25.Nf4 Rf6 26.Nxg6 Rxg6 27.
Bxf7+ Kh7 28.Bxg6+ Kxg6 29.Rf2 Rd4 30.g3 Ra4 31.a3 Rd4 32.Kg2 b5 33.Kh3 
Rd3 34.Kg4 Rb3 35.h5+ Kh6 36.Kh4 a5 37.g4 g5+ 38.hxg6 Kxg6 39.Rc2 a4 40.g5
b4 41.Rc6+ Kg7 42.Kh5 Rh3+ 43.Kg4 bxa3 44.bxa3 Rxa3 1/2-1/2

[Event "22nd EUR-ch (w)"]
[Site "Prague CZE"]
[Date "2022.08.23"]
[Round "4.10"]
[White "Papp, Sarah"]
[Black "Narva, Mai"]
[Result "0-1"]
[WhiteElo "2290"]
[BlackElo "2405"]
[EventDate "2022.08.20"]
[PlyCount "112"]

1.e4 c5 2.Nf3 e6 3.d4 cxd4 4.Nxd4 Nf6 5.Nc3 Nc6 6.Ndb5 Bc5 7.Nd6+ Ke7 8.
Bf4 e5 9.Nf5+ Kf8 10.Bg5 Bb4 11.Bxf6 Qxf6 12.Bc4 d5 13.Qxd5 Bxf5 14.exf5 
Rd8 15.Qe4 g6 16.O-O Bxc3 17.bxc3 Qxf5 18.Qxf5 gxf5 19.Rfd1 Ke7 20.Kf1 Na5
21.Bb3 Rhg8 22.g3 b6 23.Rxd8 Rxd8 24.Ke2 Rc8 25.Kd2 Nb7 26.Re1 f6 27.Bd5 
Nd6 28.f3 Rd8 29.Rd1 Nc4+ 30.Ke2 Nb2 31.Rd2 Na4 32.c4 Nc3+ 33.Ke3 Nxa2 34.
Rd1 Nb4 35.c3 Nxd5+ 36.cxd5 Rc8 37.Kd3 Rc5 38.c4 b5 39.Rb1 bxc4+ 40.Kc3 
Kd6 41.Rb8 Kxd5 42.Rb7 e4 43.fxe4+ fxe4 44.Rxh7 a5 45.h4 Kd6 46.Rb7 e3 47.
Rb1 Re5 48.Kxc4 e2 49.Re1 Ke6 50.Kd3 a4 51.g4 f5 52.gxf5+ Kxf5 53.h5 Kg5 
54.Kd2 Kh6 55.Kc2 Kxh5 56.Kd2 Kg4 0-1

[Event "22nd EUR-ch (w)"]
[Site "Prague CZE"]
[Date "2022.08.23"]
[Round "4.11"]
[White "Salimova, Nurgyul"]
[Black "Radeva, Viktoria"]
[Result "1/2-1/2"]
[WhiteElo "2404"]
[BlackElo "2289"]
[EventDate "2022.08.20"]
[PlyCount "46"]

1.d4 d5 2.Nc3 Nf6 3.Bf4 c5 4.e3 cxd4 5.exd4 a6 6.Nf3 e6 7.Bd3 Nc6 8.a3 Bd7
9.Ne2 Be7 10.c3 Qb6 11.b4 O-O 12.Qb1 Na7 13.a4 Nc8 14.Ne5 Be8 15.g4 Ne4 
16.a5 Qd8 17.f3 f6 18.fxe4 fxe5 19.dxe5 Bh4+ 20.Bg3 Bg6 21.Qc2 Rf3 22.
O-O-O Qg5+ 23.Kb2 Bxg3 1/2-1/2

[Event "22nd EUR-ch (w)"]
[Site "Prague CZE"]
[Date "2022.08.23"]
[Round "4.12"]
[White "Sieber, Fiona"]
[Black "Injac, Teodora"]
[Result "1/2-1/2"]
[WhiteElo "2280"]
[BlackElo "2389"]
[EventDate "2022.08.20"]
[PlyCount "141"]

1.e4 c5 2.Nc3 d6 3.d4 cxd4 4.Qxd4 Nc6 5.Qd2 g6 6.b3 Bh6 7.f4 Nf6 8.Bb2 O-O
9.O-O-O e5 10.g3 Re8 11.Kb1 Be6 12.Nge2 b5 13.Bg2 Qb6 14.h3 Qf2 15.Rhg1 b4
16.Nd5 Bxd5 17.exd5 Ne7 18.Qe1 Qc5 19.fxe5 dxe5 20.c4 Nf5 21.Rf1 Bg7 22.
Qf2 Qxf2 23.Rxf2 Ne3 24.Rd3 Nxg2 25.Rxg2 Ne4 26.g4 f6 27.Ng3 Nc5 28.Rd1 
Bh6 29.Re2 Rac8 30.Ne4 Nxe4 31.Rxe4 Bf4 32.d6 Red8 33.c5 Rxc5 34.Rxb4 Rc6 
35.Ba3 Ra6 36.Ra4 Rxa4 37.bxa4 Rd7 38.Kc2 Kf7 39.Rb1 e4 40.Re1 e3 41.Bc5 
f5 42.Bxe3 Bxe3 43.Rxe3 Rxd6 44.gxf5 gxf5 45.Rb3 Kg6 46.Rb7 Ra6 47.Rb4 h6 
48.Kd3 Kf6 49.Ke3 Rc6 50.Rb7 Rc3+ 51.Kf2 Rxh3 52.Rxa7 Ra3 53.a5 Kg5 54.Kg2
Rxa2+ 55.Kf3 Ra3+ 56.Kg2 Kf4 57.a6 Ra2+ 58.Kh3 Kf3 59.Rf7 f4 60.a7 Ra1 61.
Kh2 Ra2+ 62.Kh3 Ra1 63.Kh2 h5 64.Rb7 Ra2+ 65.Kh3 Ra1 66.Rb3+ Ke4 67.Rb4+ 
Ke3 68.Rb3+ Kd2 69.Rb2+ Kc3 70.Rf2 Rxa7 71.Rxf4 1/2-1/2

[Event "22nd EUR-ch (w)"]
[Site "Prague CZE"]
[Date "2022.08.23"]
[Round "4.13"]
[White "Tsolakidou, Stavroula"]
[Black "Doluhanova, Evgeniya"]
[Result "1/2-1/2"]
[WhiteElo "2388"]
[BlackElo "2278"]
[EventDate "2022.08.20"]
[PlyCount "81"]

1.d4 d5 2.c4 e6 3.Nf3 Nf6 4.g3 Bb4+ 5.Nc3 O-O 6.Bg2 Nc6 7.O-O dxc4 8.Qa4 
a6 9.Ne5 Nxe5 10.dxe5 Bxc3 11.bxc3 Nd7 12.Rd1 c5 13.Bf4 b5 14.Qc2 Ra7 15.
Be4 h6 16.Rd6 Qe7 17.Rad1 Rc7 18.Bc6 Nb8 19.Be4 Nd7 20.h4 g5 21.hxg5 hxg5 
22.Bc1 Nxe5 23.f4 f5 24.fxe5 fxe4 25.Qxe4 Qf7 26.Qe3 Qh5 27.Rd8 Bb7 28.
Qxg5+ Qxg5 29.Bxg5 b4 30.Rxf8+ Kxf8 31.Bd8 Rh7 32.Kf2 b3 33.Bb6 Be4 34.
axb3 cxb3 35.Bxc5+ Ke8 36.Ba3 Rb7 37.Rd4 Bc2 38.Rb4 Rxb4 39.cxb4 Kf7 40.
Ke3 Kg6 41.Kf4 1/2-1/2

[Event "22nd EUR-ch (w)"]
[Site "Prague CZE"]
[Date "2022.08.23"]
[Round "4.14"]
[White "Krasteva, Beloslava"]
[Black "Daulyte-Cornette, Deimante"]
[Result "1-0"]
[WhiteElo "2269"]
[BlackElo "2384"]
[EventDate "2022.08.20"]
[PlyCount "97"]

1.d4 d5 2.Nf3 Nf6 3.Bf4 c5 4.e3 Nc6 5.Nbd2 Nh5 6.dxc5 Nxf4 7.exf4 g6 8.c3 
Bg7 9.Nb3 O-O 10.Be2 a5 11.O-O a4 12.Nbd4 Ra5 13.Rc1 Qc7 14.Qd2 Bh6 15.g3 
e5 16.Nxc6 bxc6 17.c4 Be6 18.cxd5 Bxd5 19.Ng5 exf4 20.gxf4 f6 21.Nh3 Qc8 
22.Qd3 Ra7 23.Bf3 Bxa2 24.Bg2 Rd8 25.Qe3 Re8 26.Qd4 Qe6 27.Rc3 Rd7 28.Qxa4
Bd5 29.Re3 Qf7 30.Bxd5 cxd5 31.Qd4 Rxe3 32.fxe3 Qe6 33.Nf2 Re7 34.Rd1 Kg7 
35.Rd3 g5 36.Qxd5 Qxd5 37.Rxd5 gxf4 38.e4 f3 39.b4 Rb7 40.Nd3 Be3+ 41.Kf1 
Ra7 42.Nb2 Ra2 43.Nd1 Bf4 44.Rd3 Ra1 45.b5 Kg6 46.Kf2 Bxh2 47.c6 Rb1 48.
Rd5 Rb3 49.e5 1-0

[Event "22nd EUR-ch (w)"]
[Site "Prague CZE"]
[Date "2022.08.23"]
[Round "4.15"]
[White "Urh, Zala"]
[Black "Kiolbasa, Oliwia"]
[Result "0-1"]
[WhiteElo "2262"]
[BlackElo "2383"]
[EventDate "2022.08.20"]
[PlyCount "62"]

1.c4 e6 2.d4 d5 3.g3 Nf6 4.Bg2 Be7 5.Nf3 O-O 6.O-O dxc4 7.Qc2 b5 8.a4 b4 
9.Nfd2 Nd5 10.Nxc4 c5 11.dxc5 Bxc5 12.e4 Nb6 13.Ne3 Na6 14.a5 Nd7 15.Rd1 
Qe7 16.b3 Rd8 17.Nc4 Bb7 18.Bb2 Nf6 19.Rxd8+ Rxd8 20.h3 Nc7 21.e5 Nfd5 22.
Nbd2 Nb5 23.Ne4 Ndc3 24.Bxc3 bxc3 25.Kh2 Bb4 26.Ncd6 Bxe4 27.Bxe4 Bxd6 28.
exd6 Qxd6 29.Bxh7+ Kh8 30.Kg1 Nd4 31.Qe4 f5 0-1

[Event "22nd EUR-ch (w)"]
[Site "Prague CZE"]
[Date "2022.08.23"]
[Round "4.16"]
[White "Antolak, Julia"]
[Black "Gajcin, Marina"]
[Result "1/2-1/2"]
[WhiteElo "2378"]
[BlackElo "2244"]
[EventDate "2022.08.20"]
[PlyCount "80"]

1.e4 c5 2.Nf3 Nc6 3.Bb5 e6 4.O-O Nge7 5.Re1 a6 6.Bf1 b6 7.b3 Ng6 8.Bb2 e5 
9.Nc3 Bd6 10.Nd5 O-O 11.c3 Nce7 12.d4 Bb7 13.dxe5 Bxe5 14.Nxe5 Nxe5 15.c4 
f6 16.f4 N5g6 17.g3 Nxd5 18.exd5 Re8 19.h4 Rxe1 20.Qxe1 Qe7 21.h5 Re8 22.
Qc3 Nf8 23.h6 d6 24.hxg7 Qxg7 25.Kf2 Kf7 26.Bh3 Bc8 27.Bxc8 Rxc8 28.Re1 
Qh6 29.Kg2 Rc7 30.Qe3 Kg8 31.Qe8 Rg7 32.Re7 Qg6 33.Rxg7+ Qxg7 34.Qd8 Qg4 
35.Qxf6 Qe2+ 36.Kh3 Qf1+ 37.Kh2 Qf2+ 38.Kh3 Qf1+ 39.Kh2 Qf2+ 40.Kh3 Qf1+ 
1/2-1/2

[Event "22nd EUR-ch (w)"]
[Site "Prague CZE"]
[Date "2022.08.23"]
[Round "4.17"]
[White "Unuk, Laura"]
[Black "Calzetta Ruiz, Monica"]
[Result "1/2-1/2"]
[WhiteElo "2350"]
[BlackElo "2230"]
[EventDate "2022.08.20"]
[PlyCount "35"]

1.d4 d5 2.Nf3 c5 3.g3 cxd4 4.Bg2 Nf6 5.O-O h6 6.Nxd4 e5 7.Nb3 Nc6 8.c3 a5 
9.a4 Be7 10.Na3 O-O 11.Be3 b6 12.Nb5 Be6 13.h3 Rc8 14.Rc1 Re8 15.Kh2 Bf8 
16.Qd3 g6 17.Na1 Kh7 18.Nc2 1/2-1/2

[Event "22nd EUR-ch (w)"]
[Site "Prague CZE"]
[Date "2022.08.23"]
[Round "4.18"]
[White "Gaponenko, Inna"]
[Black "Kubicka, Anna"]
[Result "1/2-1/2"]
[WhiteElo "2339"]
[BlackElo "2237"]
[EventDate "2022.08.20"]
[PlyCount "72"]

1.e4 c5 2.Nf3 d6 3.d4 cxd4 4.Nxd4 Nf6 5.Nc3 a6 6.Bd3 e5 7.Nde2 b5 8.O-O 
Be7 9.h3 Nbd7 10.b4 O-O 11.Ng3 Nb6 12.a4 bxa4 13.Nxa4 Nxa4 14.Rxa4 d5 15.
exd5 Nxd5 16.Qe1 Bd7 17.b5 Bxb5 18.Bxb5 axb5 19.Rxa8 Qxa8 20.Qxe5 Bf6 21.
Qe2 Nc3 22.Qg4 g6 23.Bb2 Qa4 24.Bxc3 Qxg4 25.hxg4 Bxc3 26.Rb1 b4 27.Ne4 
Rc8 28.Nxc3 Rxc3 29.Rxb4 Rxc2 30.g5 Kg7 31.f4 h6 32.gxh6+ Kxh6 33.Kh2 Rc1 
34.Rb7 f5 35.Kh3 Rc4 36.g3 Rc2 1/2-1/2

[Event "22nd EUR-ch (w)"]
[Site "Prague CZE"]
[Date "2022.08.23"]
[Round "4.19"]
[White "Gevorgian, Maria"]
[Black "Roebers, Eline"]
[Result "1-0"]
[WhiteElo "2216"]
[BlackElo "2324"]
[EventDate "2022.08.20"]
[PlyCount "83"]

1.c4 Nf6 2.Nc3 g6 3.e4 d6 4.d4 Bg7 5.Be2 O-O 6.Bg5 c5 7.d5 h6 8.Be3 e6 9.
f3 exd5 10.cxd5 Re8 11.Qd2 Kh7 12.g4 Na6 13.h4 Nd7 14.Nh3 Ne5 15.Nf2 b5 
16.Nxb5 c4 17.Na3 Rb8 18.Kf1 Nd3 19.Bxd3 cxd3 20.Nxd3 Nc5 21.Bxc5 dxc5 22.
Nc4 Bxg4 23.Qf4 Bh5 24.d6 Re6 25.e5 f6 26.Nxc5 Rxe5 27.Nxe5 fxe5 28.Qf7 
Qxd6 29.Ne6 Qa6+ 30.Kf2 Rb7 31.Nf8+ Kh8 32.Nd7 Rxb2+ 33.Kg3 Qe2 34.Rag1 
Qf2+ 35.Kh3 Rb4 36.Rg3 Qd4 37.Qe8+ Kh7 38.Qe7 g5 39.Nf6+ Kg6 40.Ne4 Bxf3 
41.Rxg5+ hxg5 42.Qe6+ 1-0

[Event "22nd EUR-ch (w)"]
[Site "Prague CZE"]
[Date "2022.08.23"]
[Round "4.20"]
[White "Richtrova, Eliska"]
[Black "Lazarne Vajda, Szidonia"]
[Result "1/2-1/2"]
[WhiteElo "2204"]
[BlackElo "2313"]
[EventDate "2022.08.20"]
[PlyCount "29"]

1.e4 c6 2.Nf3 d5 3.Nc3 g6 4.d4 Bg7 5.h3 dxe4 6.Nxe4 Nf6 7.Nxf6+ exf6 8.Be3
O-O 9.Qd2 Re8 10.Be2 Nd7 11.O-O Nb6 12.c4 Be6 13.Rac1 Qd7 14.Rfd1 Bf8 15.
Bf1 1/2-1/2

[Event "22nd EUR-ch (w)"]
[Site "Prague CZE"]
[Date "2022.08.23"]
[Round "4.21"]
[White "Lehaci, Miruna-Daria"]
[Black "Gaal, Zsoka"]
[Result "0-1"]
[WhiteElo "2186"]
[BlackElo "2313"]
[EventDate "2022.08.20"]
[PlyCount "118"]

1.e4 e5 2.Nf3 Nc6 3.d4 exd4 4.Nxd4 Qf6 5.Be3 Bc5 6.c3 a6 7.Nf5 d6 8.Bxc5 
Bxf5 9.Bxd6 O-O-O 10.exf5 Rxd6 11.Qc2 Nh6 12.Be2 Nxf5 13.O-O Kb8 14.Nd2 
Ncd4 15.cxd4 Nxd4 16.Qd3 Nxe2+ 17.Qxe2 Qxb2 18.Qc4 Qxd2 19.Qxf7 Qd5 20.Qf4
Rhd8 21.g3 Qd4 22.Qf3 Qd5 23.Qe2 h5 24.h4 Qf5 25.Rac1 Qg4 26.Qe5 g6 27.
Rfe1 b6 28.Kg2 Qd4 29.Qe2 Qd5+ 30.Kg1 Kb7 31.Rc3 R8d7 32.Re3 Qf5 33.Qf1 
Rd3 34.Re4 Qd5 35.Qg2 Rd1 36.Rxd1 Qxd1+ 37.Kh2 Qd5 38.a4 Ka7 39.f3 Qa5 40.
Re2 Qxa4 41.Qf2 Qd4 42.Qe1 a5 43.Ra2 Qd5 44.Qf2 Kb7 45.Kg2 Rd6 46.Rb2 Qd3 
47.Qe1 Rc6 48.Qf2 a4 49.Rd2 Qc3 50.g4 hxg4 51.fxg4 Rc4 52.Qf3+ Qxf3+ 53.
Kxf3 b5 54.Rh2 Rd4 55.h5 gxh5 56.gxh5 Kb6 57.h6 Rd8 58.h7 Rh8 59.Ke3 a3 
0-1

[Event "22nd EUR-ch (w)"]
[Site "Prague CZE"]
[Date "2022.08.23"]
[Round "4.22"]
[White "Lomaia, Diana"]
[Black "Babiy, Olga"]
[Result "1/2-1/2"]
[WhiteElo "1955"]
[BlackElo "2296"]
[EventDate "2022.08.20"]
[PlyCount "100"]

1.d4 d5 2.c4 dxc4 3.Nf3 Nf6 4.e3 e6 5.Bxc4 a6 6.O-O c5 7.dxc5 Bxc5 8.Qxd8+
Kxd8 9.b3 Nbd7 10.Bb2 b6 11.Nc3 Bb7 12.Rfd1 b5 13.Bf1 Ke7 14.Ne2 Rhc8 15.
Rac1 g6 16.Nf4 Ne4 17.Nd3 Bd6 18.Nfe5 Nxe5 19.Nxe5 f6 20.Nd3 e5 21.f3 Ng5 
22.f4 Nf7 23.fxe5 fxe5 24.Be2 Rxc1 25.Rxc1 Rd8 26.Bc3 Rc8 27.Bd2 e4 28.
Rxc8 Bxc8 29.Nb4 Bc5 30.a4 Nd6 31.axb5 axb5 32.Nd5+ Kf7 33.Kf2 Be6 34.Nc7 
Bxb3 35.Nxb5 Nc4 36.Bxc4+ Bxc4 37.Nc3 Bd3 38.Nd5 Bc4 39.Nf4 g5 40.Nh5 Kg6 
41.g4 Bd6 42.h3 Be5 43.Bb4 Bf7 44.Bc5 Kh6 45.Bf8+ Kg6 46.Be7 Kh6 47.Ng3 
Bxg3+ 48.Kxg3 Kg6 49.h4 gxh4+ 50.Kxh4 Bc4 1/2-1/2